Phương pháp hướng dẫn học sinh lớp 5 luyện tập văn tả người Luận văn thạc sĩ giáo dục tiểu học. Chuyên ngành:Giáo dục học( Bậc tiểu học). Mã số: 6014010102

Sparad:
Bibliografiska uppgifter
Huvudupphovsman: Phan Duy Thanh
Övriga upphovsmän: Lê A (Hướng dẫn)
Materialtyp: Lärdomsprov Materialpaket Bok
Publicerad: Đồng Tháp Đại học Đồng Tháp 2016
Ämnen:
Taggar: Lägg till en tagg
Inga taggar, Lägg till första taggen!
Thư viện lưu trữ: Trung tâm Học liệu Lê Vũ Hùng, Trường Đại học Đồng Tháp
LEADER 01232ppm a22003018a 4500
001 00036132
005 20171026081025.0
008 170210s2016 ||||||Viesd
041 0 # |a Vie 
082 1 4 |b PH561PH  |a 372.62 
100 1 # |a Phan Duy Thanh 
245 0 0 |a Phương pháp hướng dẫn học sinh lớp 5 luyện tập văn tả người  |b Luận văn thạc sĩ giáo dục tiểu học. Chuyên ngành:Giáo dục học( Bậc tiểu học). Mã số: 6014010102  |c Phan Duy Thanh; Hướng Dẫn khoa học: Lê A 
260 # # |a Đồng Tháp  |b Đại học Đồng Tháp  |c 2016 
300 # # |a 93tr. +phụ lục  |c 30cm.  |a 1 bảng tóm tắt 
500 # # |a ĐTTS ghi: Bộ giáo dục và đào tạo. Trường Đại học Đồng tháp 
653 # # |a Luận văn 
653 # # |a Lớp 5 
653 # # |a Tập làm văn 
653 # # |a Tả người 
653 # # |a Tiểu học 
700 1 # |a Lê A  |e Hướng dẫn 
852 # # |j LV.0001123  |j LV.0001719 
852 # # |b Kho đọc SĐH  |j LV.0001123 
910 0 # |d 10/02/2017 
980 # # |a Trung tâm Học liệu Lê Vũ Hùng, Trường Đại học Đồng Tháp